[Event "GRE-ch U18 Girls"]
[Site "Chania"]
[Date "2021.07.17"]
[Round "4"]
[White "Alexandri, Dimitra"]
[Black "Vakali, Athina"]
[Result "1-0"]
[WhiteElo "1252"]
[BlackElo "1385"]
[PlyCount "117"]
[EventDate "2021.07.15"]
[EventType "swiss"]
[EventRounds "9"]
[EventCountry "GRE"]
[SourceTitle "EXT 2022"]
[Source "ChessBase"]
[SourceDate "2021.10.06"]
[SourceVersion "1"]
[SourceVersionDate "2021.10.06"]
[SourceQuality "1"]

1. d4 Nf6 2. c4 e6 3. Nc3 Bb4 4. e3 0-0 5. Bd3 d5 6. a3 Bxc3+ 7. bxc3 b6 8. Ne2 Bb7 9. 0-0 Nbd7 10. cxd5 exd5 11. Ng3 c5 12. a4 Re8 13. a5 c4 14. Be2 b5 15. Bd2 a6 16. Qc2 Nf8 17. Rfe1 Ng6 18. Bf1 Qc7 19. f3 Qc6 20. Bc1 Nh4 21. Ba3 Re6 22. Re2 Rae8 23. Rae1 Ba8 24. Bb4 Qb7 25. Ba3 Nd7 26. Bb4 Nb8 27. e4 h6 28. e5 Nc6 29. Qb2 Qc7 30. Qa3 Ng6 31. Nf5 Nf4 32. Re3 Rg6 33. Kh1 Qd7 34. Nh4 h5 35. Nxg6 Nxg6 36. Qb2 Re6 37. g3 Nxb4 38. Qxb4 Rc6 39. h4 Qf5 40. Kh2 Nxh4 41. gxh4 Qf4+ 42. Kg1 Rg6+ 43. Bg2 Qxh4 44. e6 Qg3 45. R1e2 fxe6 46. Rxe6 Qxf3 47. Rxg6 Qxe2 48. Kh2 Qe1 49. Rg3 Qf2 50. Qe7 Qf7 51. Qd8+ Qf8 52. Bxd5+ Bxd5 53. Qxd5+ Qf7 54. Qa8+ Kh7 55. Qe4+ g6 56. Rf3 Qc7+ 57. Qf4 Qxa5 58. Qf7+ Kh6 59. Qf8+ 1-0

[Event "GRE-ch U20 Girls"]
[Site "Chania"]
[Date "2018.04.13"]
[Round "6"]
[White "Vakali, Athina"]
[Black "Skaraki, Georgia"]
[Result "1-0"]
[WhiteElo "1279"]
[BlackElo "1006"]
[PlyCount "83"]
[EventDate "2018.04.10"]
[EventType "swiss"]
[EventRounds "9"]
[EventCountry "GRE"]
[SourceTitle "CBM 184 Extra"]
[Source "ChessBase"]
[SourceDate "2018.06.28"]
[SourceVersion "1"]
[SourceVersionDate "2018.06.28"]
[SourceQuality "1"]
[WhiteTeam "Greece"]
[BlackTeam "Greece"]
[WhiteTeamCountry "GRE"]
[BlackTeamCountry "GRE"]

1. e4 e6 2. d4 d5 3. Nc3 Nf6 4. e5 Nfd7 5. f4 c5 6. Nf3 Nc6 7. Be3 cxd4 8. Nxd4 Nxd4 9. Bxd4 Bb4 10. Qf3 0-0 11. 0-0-0 Nb6 12. h4 a5 13. g4 Be7 14. Bd3 h6 15. g5 g6 16. gxh6 Kh7 17. h5 Rg8 18. Rdg1 Qe8 19. Bxb6 Bd7 20. Bd4 b5 21. Rg2 Kh8 22. Rhg1 b4 23. Nb1 Qd8 24. hxg6 fxg6 25. Rxg6 Rxg6 26. Bxg6 Qc7 27. Qd3 Bc5 28. Bxc5 Qxc5 29. Rg3 Qf8 30. Rf3 Be8 31. Bxe8 Qxe8 32. Qf1 Qg6 33. Nd2 Rc8 34. Qd3 Qxd3 35. Rxd3 Kh7 36. Rh3 Rf8 37. Rh4 Rg8 38. Nf3 Rg6 39. Ng5+ Kh8 40. h7 a4 41. Nf7+ Kg7 42. h8Q+ 1-0